000 00818nam a22002417a 4500
003 UA-OsUOA
001 52012
007 ta
008 20150519b un ||||| |||| 00| 0 ukr d
100 _aРоманенчук Б.
090 _a929
_bР69
942 _cBR
040 _aUA-OsUOA
_bukr
_cUA-OsUOA
_dUA-OsUOA
245 _aЗ життя і творчости Наталії Кобринської
_bВ 100-ті роковини з дня народження
300 _a32 с.
955 _a4
041 _aukr
080 _a929
260 _aФиладельфія
_bВидання "Америки"
_c1951
650 7 _a9 Географія. Біографії. Історія
_2UDC
999 _c432135
_d432135